|
|
|
|
| LEADER |
00000nab a2200000 a 4500 |
| 001 |
vtls009085780 |
| 003 |
SK-MaSNL |
| 005 |
20260304163258.0 |
| 008 |
250507c2007 xo mr|p|||||||000 b|slo |
| 015 |
|
|
|a SNBRB2007/08
|
| 035 |
|
|
|a (uuid)9521089b-1acd-4457-bd28-755024bd7ac5
|
| 035 |
|
|
|a urn:nbn:sk:snk-ab10r4
|
| 035 |
|
|
|a (urnnbn)urn:nbn:sk:snk:ar-003jxf
|
| 038 |
|
|
|a SNKBUCL
|
| 040 |
|
|
|a SNKBUCL
|b slo
|c SNKBUCL
|e AACR2
|
| 041 |
0 |
|
|a slo
|
| 044 |
|
|
|a xo
|c SK
|
| 080 |
|
|
|a 341.321.14
|2 1997
|
| 080 |
|
|
|a 341.64
|2 1997
|
| 080 |
|
|
|a 347.95
|2 1997
|
| 100 |
1 |
|
|a Kapišovská, Alexandra
|4 trl
|9 1127102
|
| 245 |
1 |
0 |
|a A. H. proti Fínsku
|b informácia o ďalších prípadoch prejednávaných pred Európskym súdom pre ľudské práva v období marec - apríl 2007
|c preložila Alexandra Kapišovská
|
| 610 |
2 |
7 |
|a Európsky súd pre ľudské práva
|2 snkbucl
|9 34944
|
| 650 |
0 |
7 |
|a ľudské práva
|2 snkbucl
|9 798
|
| 650 |
0 |
7 |
|a súdne spory
|2 snkbucl
|9 59780
|
| 650 |
0 |
7 |
|a súdne rozhodnutia a stanoviská
|2 snkbucl
|9 4638
|
| 650 |
0 |
7 |
|a medzinárodné súdnictvo
|2 snkbucl
|9 2662
|
| 650 |
0 |
7 |
|a právo na vypočúvanie svedkov
|2 snkbucl
|9 1490076
|
| 773 |
0 |
|
|t Justičná revue
|g Roč. 59, č. 6-7 (2007)
|g Roč. 59, č. 6-7 (2007), s. 117
|x 1335-6461
|
| 773 |
0 |
|
|t Judikatúra Európskeho súdu pre ľudské práva
|g Roč. 59, č. 6-7 (2007)
|g Roč. 59, č. 6-7 (2007), s. 117
|x 1335-6461
|
| 850 |
|
|
|a Slovenská národná knižnica
|
| 852 |
|
|
|a Slovenská národná knižnica
|
| 954 |
|
|
|a odborná, vedecká literatúra pôvodná (slovenská)
|2 lita
|
| 958 |
|
|
|a article27
|
| 958 |
|
|
|a OND
|
| 958 |
|
|
|a SK
|
| 958 |
|
|
|a EUIPO
|
| 999 |
|
|
|c 2977310
|d 2979240
|